FC Cartagena Squad 2023-2024 - Statistics

General Stats
  • This quiz has been taken 8 times
  • The average score is 20 of 31
Answer Stats
# Position Nation Player % Correct
18 MF Argentina Damián Musto
83%
16 DF Spain Iván Calero
83%
- Coach Spain Julián Calero
83%
29 FW Uruguay Lautaro de León
83%
1 GK Spain Marc Martínez
83%
9 FW Spain Alfredo Ortuño
67%
33 DF Spain Arnau Solà
67%
10 FW Spain Darío Poveda
67%
5 DF Spain Gonzalo Verdú
67%
21 FW Sweden Isak Jansson
67%
20 DF Spain Jairo Izquierdo
67%
14 DF Spain José Fontán
67%
11 MF Spain Juan Carlos Real
67%
12 FW Colombia Juanjo Narváez
67%
22 DF Spain Kiko Olivas
67%
8 MF Spain Luis Muñoz
67%
17 MF Spain Mikel Rico
67%
4 DF Spain Pedro Alcalá
67%
13 GK Spain Raúl Lizoain
67%
23 MF Chile Tomás Alarcón
67%
- Coach Spain Víctor Sánchez
67%
6 MF Spain Andy Rodríguez
50%
26 FW Spain Arnau Ortiz
50%
2 DF Spain Diego Moreno
50%
10 MF Netherlands Hector Hevel
50%
35 FW Spain Iván Ayllón
50%
32 MF Spain Jony Álamo
50%
1 GK Spain Tomás Mejías
50%
19 FW Portugal Úmaro Embaló
50%
7 FW Spain David Ferreiro
33%
24 FW Spain Jony
33%
No matching quizzes found
Score Distribution
Percent of People with Each Score
Percentile by Number Answered
Your Score History
You have not taken this quiz